000 00444nam a2200157 i 4500
001 bg
100 1 _aPRIDANCEV, M. W.
245 1 0 _aWpływ domieszek i pierwiastków ziem rzadkich na własności stopów /
_cM. W. Pridancew.
260 _aKatowice :
_b"Śląsk",
_c1966.
650 9 _aStopy (metalurg.)
_xbadanie
040 _cBPK
041 1 _apol
_hrus
080 _a669.017/.018
942 _cKS
008 s pl f |000 0 pol
999 _c35538
_d35538
856 _uhttp://koha.tu.koszalin.pl/cgi-bin/koha/opac-detail.pl?biblionumber=35538
_yKatalog online BPK